| 000 | 00733nam a2200229 4500 | ||
|---|---|---|---|
| 005 | 20201128021500.0 | ||
| 008 | 150810r20142010ii a fr 001 0 eng d | ||
| 020 | _a9789350140215 | ||
| 040 |
_aEG-ScBUE _beng _cEG-ScBUE _dEG-ScBUE |
||
| 082 | 0 | 4 |
_a621.4021 _bKUM _222 |
| 100 | 1 |
_aKumar, D. S. _912887 |
|
| 245 | 1 | 0 |
_aApplied thermodynamics / _cby D. S. Kumar. |
| 250 | _a2nd ed., Reprinted ed. | ||
| 260 |
_aNew Delhi : _bS. K. Kataria & Sons, _cc.2014. |
||
| 300 |
_a502 p. : _bill. ; _c24 cm. |
||
| 500 | _aIndex : p. 499-502. | ||
| 650 | 7 |
_aThermodynamics. _2BUEsh _91919 |
|
| 650 | 7 |
_aHeat _xTransmission. _2BUEsh _93121 |
|
| 651 | _2BUEsh | ||
| 653 |
_bENGMEC _bENGGEN _cAugust2015 _cJanuary2016 |
||
| 942 |
_2ddc _k621.4021 KUM |
||
| 999 |
_c20491 _d20463 |
||